[Event "Punta del Este Alekhiine op 1st"]
[Site "Punta del Este"]
[Date "2024.03.08"]
[Round "1"]
[White "Durante, Aurelio"]
[Black "Paz, Franco"]
[Result "1-0"]
[WhiteElo "1944"]
[BlackElo "1705"]
[PlyCount "90"]
[EventDate "2024.03.08"]
[EventType "swiss"]
[EventRounds "5"]
[EventCountry "URU"]
[SourceTitle "CB13_2024"]
[SourceDate "2024.03.27"]
[SourceVersion "1"]
[SourceVersionDate "2024.03.27"]
[SourceQuality "1"]

1. e4 e5 2. Nf3 Nc6 3. Bb5 Nge7 4. 0-0 a6 5. Ba4 d6 6. c3 Bd7 7. d4 exd4 8. cxd4 h6 9. Nc3 Nb8 10. Bb3 c6 11. a4 Ng6 12. h3 Be7 13. Re1 0-0 14. Be3 Re8 15. a5 Qc8 16. Na4 Bd8 17. Nc3 Be7 18. Bc4 Rf8 19. b4 Be8 20. Rc1 Nd7 21. Qb3 b5 22. Bd3 Kh8 23. Nd5 Qb7 24. Nxe7 Nxe7 25. Bf4 d5 26. Bd6 Nf6 27. e5 Nfg8 28. Bb1 Rc8 29. Qd3 g6 30. h4 Qd7 31. h5 Kg7 32. hxg6 fxg6 33. Re3 Qe6 34. Nh4 Rf4 35. Nf3 Nf5 36. Re2 Nxd6 37. exd6 Qxd6 38. Rce1 Bf7 39. Ne5 Rc7 40. g3 Rf6 41. Kg2 Ne7 42. Ng4 Rf5 43. Rh1 h5 44. Qe3 Ng8 45. Ne5 Rxe5 1-0

[Event "Montevideo Duchamp Cup 3rd"]
[Site "Montevideo"]
[Date "2019.02.14"]
[Round "7"]
[White "Cucchi, Leonardo"]
[Black "Paz, Franco"]
[Result "0-1"]
[WhiteElo "1232"]
[BlackElo "1647"]
[PlyCount "62"]
[EventDate "2019.02.09"]
[EventType "swiss"]
[EventRounds "9"]
[EventCountry "URU"]
[SourceTitle "CBM 189 Extra"]
[Source "ChessBase"]
[SourceDate "2019.06.03"]
[SourceVersion "1"]
[SourceVersionDate "2019.06.03"]
[SourceQuality "1"]

1. e4 d6 2. d4 Nf6 3. Nc3 Nbd7 4. Nf3 e5 5. Bc4 Be7 6. 0-0 0-0 7. Re1 Nb6 8. Bb3 Bg4 9. d5 Nbd7 10. Ba4 Nc5 11. Bb5 a6 12. Bc4 b5 13. Bd3 Nfd7 14. Be3 Nxd3 15. Qxd3 Bxf3 16. gxf3 Bg5 17. Kh1 Bxe3 18. Qxe3 f5 19. Rg1 f4 20. Qe1 Rf6 21. Qf1 Rh6 22. Qg2 g6 23. Ne2 Qh4 24. Nc1 Nb6 25. b3 Nd7 26. Nd3 Kh8 27. Nb4 g5 28. Rad1 Rg8 29. Nc6 g4 30. Rd3 g3 31. Rgd1 Qxh2+ 0-1

[Event "Montevideo Duchamp Cup 3rd"]
[Site "Montevideo"]
[Date "2019.02.12"]
[Round "5"]
[White "Zaruski, Julio"]
[Black "Paz, Franco"]
[Result "1-0"]
[WhiteElo "1823"]
[BlackElo "1647"]
[PlyCount "95"]
[EventDate "2019.02.09"]
[EventType "swiss"]
[EventRounds "9"]
[EventCountry "URU"]
[SourceTitle "CBM 188 Extra"]
[Source "ChessBase"]
[SourceDate "2019.02.26"]
[SourceVersion "1"]
[SourceVersionDate "2019.02.26"]
[SourceQuality "1"]

1. Nf3 d6 2. d4 Nf6 3. c4 e6 4. g3 Be7 5. Bg2 0-0 6. 0-0 d5 7. Nc3 c6 8. c5 Nbd7 9. Bf4 Nh5 10. b4 Nxf4 11. gxf4 a6 12. e3 b5 13. a4 Bb7 14. axb5 axb5 15. Qc2 Qc7 16. Kh1 Rxa1 17. Rxa1 Ra8 18. Rg1 f5 19. Bf1 Bf6 20. Ng5 Nf8 21. Bd3 Bxg5 22. Rxg5 g6 23. Kg2 Qe7 24. Ne2 Bc8 25. Ng1 h6 26. Rg3 Kf7 27. Nf3 Nd7 28. h4 h5 29. Ng5+ Kg7 30. Nxe6+ Kf6 31. Ng5 Nf8 32. Nf3 Be6 33. Ne5 Qe8 34. Rg5 Ra7 35. Kg3 Rg7 36. Qa2 Nh7 37. Qa6 Nxg5 38. fxg5+ Ke7 39. Nxc6+ Kf8 40. Ne5 Kg8 41. Bxb5 Qe7 42. Kf4 Kh7 43. Bd3 Bc8 44. Qxc8 Qa7 45. Qa6 Qc7 46. b5 Re7 47. Qxg6+ Kh8 48. Bxf5 1-0

[Event "Montevideo Duchamp Cup 3rd"]
[Site "Montevideo"]
[Date "2019.02.10"]
[Round "3"]
[White "Milan, Julio"]
[Black "Paz, Franco"]
[Result "1-0"]
[WhiteElo "1614"]
[BlackElo "1647"]
[PlyCount "125"]
[EventDate "2019.02.09"]
[EventType "swiss"]
[EventRounds "9"]
[EventCountry "URU"]
[SourceTitle "CBM 188 Extra"]
[Source "ChessBase"]
[SourceDate "2019.02.26"]
[SourceVersion "1"]
[SourceVersionDate "2019.02.26"]
[SourceQuality "1"]

1. e4 e5 2. Nf3 d6 3. Bc4 Nf6 4. d3 h6 5. h3 Be7 6. Nc3 c6 7. 0-0 0-0 8. Re1 Nbd7 9. Be3 b5 10. Bb3 a5 11. a3 Bb7 12. Ne2 d5 13. exd5 cxd5 14. Ng3 a4 15. Ba2 d4 16. Bd2 Bxf3 17. Qxf3 Nh7 18. Qf5 Bf6 19. Qg6 Bg5 20. Bb4 Qf6 21. Qxf6 Nhxf6 22. Bxf8 Kxf8 23. Nf5 Ne8 24. Ng3 Rc8 25. Re2 g6 26. Ne4 Be7 27. Rf1 f5 28. Ng3 Kg7 29. Be6 Nef6 30. f4 Rc6 31. Ba2 Bd6 32. Be6 exf4 33. Bxd7 Nxd7 34. Nh1 Kf6 35. Rfe1 Bc5 36. h4 g5 37. hxg5+ hxg5 38. g3 f3 39. Rh2 Kg6 40. Re8 Nf6 41. Reh8 Kg7 42. Rb8 Ng4 43. Rhh8 Nf6 44. Rhc8 Re6 45. Rxc5 Re1+ 46. Kf2 Rxh1 47. Rxf5 Rh2+ 48. Kxf3 g4+ 49. Kf4 Rf2+ 50. Kg5 Rxf5+ 51. Kxf5 Nd5 52. Rxb5 Ne3+ 53. Kf4 Nxc2 54. Rg5+ Kf6 55. Rxg4 Ne3 56. Rg8 Ke7 57. Ke5 Kf7 58. Ra8 Nf1 59. g4 Ng3 60. g5 Kg6 61. Kxd4 Nf5+ 62. Ke4 Kxg5 63. Ra5 1-0